[Event "Urals-ch 72nd"]
[Site "Tiumen"]
[Date "2014.03.26"]
[Round "7"]
[White "Lipatov, Vladislav"]
[Black "Pankin, Fedor"]
[Result "0-1"]
[WhiteElo "1912"]
[BlackElo "1860"]
[PlyCount "86"]
[EventDate "2014.03.20"]
[EventType "swiss"]
[EventRounds "9"]
[EventCountry "RUS"]
[SourceTitle "CBM 159 Extra"]
[Source "ChessBase"]
[SourceDate "2014.04.24"]
[SourceVersion "1"]
[SourceVersionDate "2014.04.24"]
[SourceQuality "1"]

1. e4 c6 2. d4 d5 3. Nc3 b5 4. a3 dxe4 5. Nxe4 Nf6 6. Nxf6+ exf6 7. Be3 Bd6 8. Bd3 0-0 9. Ne2 Qc7 10. Ng3 Re8 11. 0-0 Be6 12. Qd2 Bd5 13. b3 g6 14. c4 bxc4 15. bxc4 f5 16. cxd5 f4 17. dxc6 fxe3 18. fxe3 Nxc6 19. Rfc1 Bxg3 20. hxg3 Qd6 21. Qf2 Rab8 22. Bc4 Nd8 23. a4 Ne6 24. a5 Rec8 25. a6 Rb4 26. Bd3 Rcb8 27. Qf3 Rb3 28. Bc4 Rb2 29. Bxe6 Qxe6 30. Rc7 R8b3 31. Re1 Rd2 32. Rc6 Qe7 33. Qf6 Qxf6 34. Rxf6 Rbb2 35. Kh2 Rxg2+ 36. Kh3 h5 37. Rh1 Rge2 38. Kh4 Rxe3 39. Rhf1 Re7 40. Rc6 Rb4 41. Rd6 Kg7 42. Kh3 Ra4 43. d5 Ra3 0-1